Dictionary of scripture and ethics / (Record no. 7176)

MARC details
000 -LEADER
fixed length control field 01193cam a2200313 a 4500
001 - CONTROL NUMBER
control field 16751112
003 - CONTROL NUMBER IDENTIFIER
control field GBCCL
005 - DATE AND TIME OF LATEST TRANSACTION
control field 20241126110621.0
008 - FIXED-LENGTH DATA ELEMENTS--GENERAL INFORMATION
fixed length control field 110426s2011 miu bd 001 0 eng
010 ## -
-- 2011017242
020 ## - INTERNATIONAL STANDARD BOOK NUMBER
International Standard Book Number 9780801034060 (cloth)
040 ## - CATALOGING SOURCE
Original cataloging agency DLC
Transcribing agency DLC
Modifying agency DLC
042 ## -
-- pcc
050 00 -
-- BS680.E84
-- D53 2011
082 00 - DEWEY DECIMAL CLASSIFICATION NUMBER
Classification number 241.2
Edition information 23
Item number DIC
245 00 - TITLE STATEMENT
Title Dictionary of scripture and ethics /
Statement of responsibility, etc. Joel B. Green, general editor ; Jacqueline E. Lapsley, Rebekah Miles, and Allen Verhey, associate editors.
260 ## - PUBLICATION, DISTRIBUTION, ETC.
Place of publication, distribution, etc. Grand Rapids, Mich. :
Name of publisher, distributor, etc. Baker Academic,
Date of publication, distribution, etc. c2011.
300 ## - PHYSICAL DESCRIPTION
Extent xix, 889 p. ;
Dimensions 27 cm.
504 ## - BIBLIOGRAPHY, ETC. NOTE
Bibliography, etc. note Includes bibliographical references and index.
650 #0 - SUBJECT ADDED ENTRY--TOPICAL TERM
Topical term or geographic name entry element Ethics in the Bible
Form subdivision Dictionaries.
9 (RLIN) 12691
650 #0 - SUBJECT ADDED ENTRY--TOPICAL TERM
Topical term or geographic name entry element Christian ethics
General subdivision Biblical teaching
Form subdivision Dictionaries.
9 (RLIN) 12692
700 1# - ADDED ENTRY--PERSONAL NAME
Personal name Green, Joel B.,
Dates associated with a name 1956-
9 (RLIN) 2475
700 1# - ADDED ENTRY--PERSONAL NAME
Personal name Lapsley, Jacqueline E.,
Dates associated with a name 1965-
9 (RLIN) 12693
700 1# - ADDED ENTRY--PERSONAL NAME
Personal name Miles, Rebekah,
Dates associated with a name 1960-
9 (RLIN) 12694
700 1# - ADDED ENTRY--PERSONAL NAME
Personal name Verhey, Allen.
9 (RLIN) 12695
906 ## - LOCAL DATA ELEMENT F, LDF (RLIN)
a 7
b cbc
c orignew
d 1
e ecip
f 20
g y-gencatlg
942 ## - ADDED ENTRY ELEMENTS (KOHA)
Source of classification or shelving scheme Dewey Decimal Classification
Koha item type Reference Books
Holdings
Withdrawn status Lost status Source of classification or shelving scheme Damaged status Not for loan Home library Current Library Shelving location Date acquired Source of acquisition Total checkouts Full call number Barcode Date last seen Copy number Price effective from Koha item type
    Dewey Decimal Classification     GRACE BIBLE COLLEGE GRACE BIBLE COLLEGE Dictionary 2018-07-16 LANGHAM   241.2 DIC 020020 2025-05-01 c.1 2018-07-16 Reference Books
    Dewey Decimal Classification     GRACE BIBLE COLLEGE GRACE BIBLE COLLEGE Dictionary 2021-02-10     241.2 DIC 013967 2025-05-01 c.2 2021-02-10 Reference Books
    Dewey Decimal Classification     GRACE BIBLE COLLEGE GRACE BIBLE COLLEGE Dictionary 2024-12-09     241.2 DIC 020881 2025-05-01 c.3 2024-12-09 Reference Books
    Dewey Decimal Classification     GRACE BIBLE COLLEGE GRACE BIBLE COLLEGE Dictionary 2024-12-09     241.2 DIC 020882 2025-05-01 c.4 2024-12-09 Reference Books
© Grace Bible College Library 2025